Porovnanie činností logistických manažérov vo vybranom odvetví diplomová práca

Uložené v:
Podrobná bibliografia
Hlavný autor: Turyová, Mária
Korporativný autor: Podnikovohospodárska fakulta EU so sídlom v Košiciach. Katedra marketingu a obchodu
Ďalší autori: Gajdoš, Jozef, 1962-2025
Médium: Kniha
Jazyk:Slovak
Vydavateľské údaje: Košice 2012
Tagy: Pridať tag
Žiadne tagy, Buďte prvý, kto otaguje tento záznam!

MARC

LEADER 00000nbm a2200000 4500
001 0153232
005 20161109102058.5
041 0 |a slo 
044 |a SK 
245 1 0 |a Porovnanie činností logistických manažérov vo vybranom odvetví  |b diplomová práca  |c Mária Turyová ; školiteľ: Jozef Gajdoš 
264 1 |a Košice  |c 2012 
300 |a 65 s. 
100 1 |a Turyová, Mária 
700 1 |a Gajdoš, Jozef, 1962-2025 
710 2 |a Podnikovohospodárska fakulta EU so sídlom v Košiciach. Katedra marketingu a obchodu